|
|
|
|
| LEADER |
01356nam a2200277 a 4500 |
| 001 |
2103602 |
| 008 |
091223s1995 bg ab b 000 0 eng d |
| 010 |
|
|
|a 95911369
|
| 020 |
|
|
|a 9844940001
|
| 040 |
|
|
|a DLC
|c DLC
|d DLC
|d BD-DhAAL
|
| 082 |
0 |
0 |
|a 333.73/095492
|2 21
|
| 100 |
1 |
|
|a Khaleque, Kibriaul.
|
| 245 |
1 |
0 |
|a Bangladesh, land, forest, and forest people /
|c contributors, Kibriaul Khaleque ... [et al.] ; editor, Philip Gain.
|
| 260 |
|
|
|a Dhaka, Bangladesh :
|b Society for Environment and Human Development (SEHD),
|c 1995.
|
| 300 |
|
|
|a xi, 162 p. :
|b ill., map ;
|c 21 cm.
|
| 504 |
|
|
|a Includes bibliographical references.
|
| 541 |
1 |
|
|e 00005621
|
| 650 |
|
0 |
|a Land use
|z Bangladesh.
|
| 650 |
|
0 |
|a Indigenous peoples
|x Cross-cultural studies
|z Bangladesh.
|
| 650 |
|
0 |
|a Forests and forestry
|x Social aspects
|z Bangladesh.
|
| 700 |
1 |
|
|a Gain, Philip.
|
| 710 |
2 |
|
|a Society for Environment and Human Development (Dhaka, Bangladesh)
|
| 852 |
4 |
|
|a Ayesha Abed Library
|j General shelf
|
| 999 |
|
|
|c 6373
|d 6373
|
| 952 |
|
|
|0 0
|1 0
|2 ddc
|4 0
|6 333_730954920000000_KHA_1995
|7 0
|9 6431
|a BRACUL
|b BRACUL
|c GEN
|d 2009-12-24
|g 200.00
|l 5
|m 10
|o 333.73095492 KHA
|p 3010005621
|r 2025-06-17
|s 2025-05-21
|t 1
|v 400.00
|w 2009-12-24
|y BK
|
| 952 |
|
|
|0 0
|1 0
|2 ddc
|4 0
|6 333_730000000000000_095492_KHA
|7 0
|9 42938
|a SCL
|b SCL
|c GEN
|d 1998-11-11
|g 200.00
|l 0
|o 333.73095492 KHA
|p 3020000436
|r 2014-07-06
|t 2
|w 2014-07-06
|y BK
|